Statistics for Eastern Front WW2 - Key Battles

Click here to take the quiz!

General Stats

  • This quiz has been taken 245 times
  • The average score is 8 of 15

Answer Stats

DescriptionBattle% Correct
Decisive battle on the Volga that some say turned the tide of WW2Battle of Stalingrad
94%
The Soviets repulse the main German offensive effort of 1943Battle of Kursk
90%
This major city was under siege for over 800 daysSiege of Leningrad
85%
The biggest encirclement in military history with over 600,000 Soviet soldiers capturedBattle of Kiev
77%
The final battle on the Eastern FrontBattle of Berlin
75%
A failed German offensive to capture the Soviet capital in late 1941Battle of Moscow
73%
Germany's Romanian allies take heavy casualties but capture this Ukrainian portBattle of Odessa
57%
This operation in 1944 results in a stinging defeat for the WehrmachtOperation Bagration
44%
The Germans capture a land bridge on the way to Moscow in the early stages of the invasionBattle of Smolensk
42%
The Germans defeat the Soviets near this Ukrainian City as a precursor to their 1942 offensive2nd Battle of Kharkov
41%
The operation that resulted in the encirclement of the 6th army at above battleOperation Uranus
34%
Germany's 1942 Summer OffensiveCase Blue
26%
This amphibious invasion into the Crimean peninsula ends in disaster for the Red ArmyBattle of Kerch
19%
Perhaps the biggest tank battle in history, in the early stages of the German invasionBattle of Brody
15%
Failed Soviet offensive against Army Group Centre in 1942Operation Mars
12%

Score Distribution

Percentile by Number Answered

Percent of People with Each Score

Your Score History

You have not taken this quiz